Movies Quiz

Random Movies or Superhero Quiz

Actresses in Superhero Movies Quiz Stats

 Plays Quiz not verified by Sporcle

Score 0/21 Timer 06:00
0 Plays Today
% Correct
Iron Man 3
94.5%
The Dark Knight Rises
92.6%
Kick-Ass 2
90%
The Avengers (2012)
88.7%
The Fantastic Four
88.5%
The Amazing Spider-Man
87.5%
V for Vendetta
85.8%
Elektra
84.7%
Wonder Woman
82.2%
Spider-Man: Homecoming
81.6%
Captain America: The First Avenger
75.4%
% Correct
Deadpool
73.8%
Hancock
72.6%
Watchmen
68.1%
Æon Flux
57.6%
My Super Ex-Girlfriend
51.9%
Hellboy II: The Golden Army
51%
Blade:Trinity
44.3%
Ghost Rider
41.9%
Tank Girl
39%
Dredd
24.8%

You're not logged in!

Compare scores with friends on all Sporcle quizzes.
OR
Log In

Sporcle TV

Today on Sporcle TV


Watch our educational content, quiz creation guides, and fun videos on Sporcle TV.

Show Comments

Extras

Top Quizzes Today


Score Distribution

Your Account Isn't Verified!

In order to create a playlist on Sporcle, you need to verify the email address you used during registration. Go to your Sporcle Settings to finish the process.

Report this User

Report this user for behavior that violates our Community Guidelines.

Details: